000 01684cam a22004454i 4500
003 PE-LiUPU
005 20250731173601.0
008 150616s1982 pe a r 000 0 spa d
020 _a9786120019771
035 _a(Sirsi) a2124
040 _aPE-LiUPU
_bspa
_cPE-LiUPU
_erda
_dPE-LiUPU
082 0 4 _a253.22
_bA994s
_223
100 1 _aAzevedo, Marcia,
_eautor.
_94260
245 1 0 _aSin fronteras :
_cLa esposa del pastor y su ministerio /
_bMarcia Azavedo.
264 1 _aLima :
_bUniversidad Peruana Unión, Editorial imprenta Unión,
_c2015.
300 _a486 páginas ;
_c23 centímetros.
336 _atext
_2rdacontent
337 _aunmediated
_2rdamedia
338 _avolume
_2rdacarrier
504 _aIncluye notas bibliográficas al pie de algunas páginas.
505 0 _aLa esposa del pastor con Dios -- La esposa del pastor consigo misma -- Salud mental/emocional -- Vivir saludablemente -- La esposa del pastor con su familia -- La esposa del pastor con la iglesia -- Liturgias de la iglesia -- Ministerios del niño y adolescente, Ministerio joven -- Ministerio de la mujer -- Diferentes facetas del ministro.
526 _aSEG42
526 _aSEG41
526 _aSEG40
526 _aSEG39
526 _aP94
526 _aP87
526 _aP86
526 _aP85
526 _aP77
526 _aP76
526 _aP35
650 1 4 _aEsposas
_xVida cristiana.
_94261
650 2 4 _aTrabajo pastoral
_94262
650 2 0 _aMujeres
_xMinisterio.
_94263
910 _ajck
942 _2ddc
_cBK
980 _618226
_aJaime Vilcazán Jefe de Análisis Documental
_81
_gALBERTO SANCHEZ Responsable de Automatización
999 _c62581
_d62580